000 00529nam a2200193Ia 4500
003 GCL
008 140319s9999 xx 000 0 eng d
040 _aGCL /
_cGCL
082 0 4 _aCC
_b932.21
_bV E
100 1 _aVERCOUTTER, JEAN
245 1 0 _aL'EGYPTE ET LE MONDE EGEEN PREHELLENIQUE /
_cVERCOUTTER, JEAN
260 _a[S.N] :
_bIMPRIMERIE DE L INSTITUT GRAPHIQUE EGYPT ،
_c1956
300 _a471 P
650 0 4 _aEGYPT
650 0 4 _aANCIENT EGYPT
650 0 4 _aHISTORY
650 0 4 _aHELLENISTIC PERIOD
942 _2ddc
_cBK
999 _c15518
_d15518